| 000 | 00450nam a22001697a 4500 | ||
|---|---|---|---|
| 005 | 20180208143830.0 | ||
| 008 | 160429b xxu||||| |||| 00| 0 eng d | ||
| 020 | _a81-2030843-3 | ||
| 041 | _aeng | ||
| 082 |
_b00743 _a005.73 |
||
| 100 |
_aKruse, Robert L. and others _94130 |
||
| 245 | _aData Structures and Program Design in 'C' | ||
| 260 |
_aNew Delhi _bPHI Pvt Ltd. _c1999 |
||
| 300 | _a525 | ||
| 650 |
_aInformation Technology _9137 |
||
| 942 | _cBK | ||
| 999 |
_c223 _d223 |
||